[Event "SUI-chT"]
[Site "Switzerland"]
[Date "2023.04.16"]
[Round "1.8"]
[White "Bislimi, Bardhyl"]
[Black "Guttulsrud, Odd Martin"]
[Result "1-0"]
[WhiteElo "2079"]
[BlackElo "2289"]
[PlyCount "69"]
[EventDate "2023.04.16"]
[EventType "team-tourn"]
[EventRounds "9"]
[EventCountry "SUI"]
[SourceTitle "CBM 213 Extra"]
[Source "ChessBase"]
[SourceDate "2023.05.31"]
[SourceVersion "1"]
[SourceVersionDate "2023.05.31"]
[SourceQuality "1"]
[WhiteTeam "Nyon"]
[BlackTeam "Zuerich"]
[WhiteTeamCountry "SUI"]
[BlackTeamCountry "SUI"]

1. Nf3 Nf6 2. b3 g6 3. e3 Bg7 4. Bb2 c5 5. Be2 0-0 6. 0-0 d5 7. c4 Nc6 8. cxd5 Qxd5 9. Nc3 Qf5 10. Bb5 Bd7 11. Ne2 Qd5 12. h3 Rfd8 13. d4 cxd4 14. Bc4 Qa5 15. Nexd4 Nxd4 16. Bxd4 b5 17. Bd3 Rac8 18. Qe2 Nd5 19. Ne5 b4 20. Bc4 Be6 21. Qf3 Qc7 22. Nd3 Bxd4 23. exd4 Qd6 24. Nc5 Rc7 25. Rac1 Bc8 26. Ne4 Qb6 27. Bxd5 Rxd5 28. Nf6+ exf6 29. Qxd5 Kg7 30. Rxc7 Qxc7 31. Qc5 Qb7 32. d5 Bd7 33. Re1 Qa6 34. Re7 Bf5 35. Qxa7 1-0

[Event "SUI-chT"]
[Site "Switzerland"]
[Date "2021.08.29"]
[Round "1.7"]
[White "Vianin, Pascal"]
[Black "Guttulsrud, Odd Martin"]
[Result "0-1"]
[WhiteElo "2117"]
[BlackElo "2259"]
[PlyCount "142"]
[EventDate "2021.08.29"]
[EventType "team-tourn"]
[EventRounds "9"]
[EventCountry "SUI"]
[SourceTitle "CBM 204 Extra"]
[Source "ChessBase"]
[SourceDate "2021.11.30"]
[SourceVersion "1"]
[SourceVersionDate "2021.11.30"]
[SourceQuality "1"]
[WhiteTeam "Echallens"]
[BlackTeam "Zuerich"]
[WhiteTeamCountry "SUI"]
[BlackTeamCountry "SUI"]

1. e4 c5 2. Nf3 d6 3. Bb5+ Nd7 4. d4 cxd4 5. Qxd4 a6 6. Bxd7+ Bxd7 7. Nc3 Nf6 8. Bg5 e6 9. 0-0-0 Be7 10. e5 dxe5 11. Nxe5 Bc6 12. Nxc6 bxc6 13. Qc4 Qb6 14. Be3 Qb7 15. Bc5 0-0 16. Rd3 Bxc5 17. Qxc5 Rab8 18. b3 Nd5 19. Rhd1 Rfc8 20. Rd4 Qc7 21. g3 Qe5 22. Rc4 h6 23. Qd4 Qh5 24. Nxd5 exd5 25. Ra4 Qxh2 26. Rxa6 c5 27. Qf4 d4 28. Ra7 Qh5 29. g4 Qg6 30. Qf5 Qxf5 31. gxf5 Re8 32. Rh1 Rb6 33. Kd2 Re5 34. Ra8+ Kh7 35. Rh5 Rf6 36. a4 Rexf5 37. Rxf5 Rxf5 38. Ke2 h5 39. a5 h4 40. a6 Rf6 41. f4 h3 42. a7 Ra6 43. Kf2 Ra2 44. Kg1 Kg6 45. Rc8 Rxa7 46. Rxc5 Rb7 47. Rg5+ Kf6 48. Rg3 Kf5 49. Rxg7 Kxf4 50. Rh7 Rc7 51. Rh4+ Ke5 52. Rxh3 Rxc2 53. Kf1 f5 54. Ke1 Rc3 55. Rh8 Rxb3 56. Kd2 Re3 57. Re8+ Kf4 58. Rd8 Re4 59. Kd3 Kf3 60. Rh8 Re7 61. Kxd4 Rf7 62. Rd8 Ke2 63. Re8+ Kd2 64. Ra8 f4 65. Ra2+ Ke1 66. Kd3 Kf1 67. Ke4 f3 68. Ra8 f2 69. Ke3 Kg2 70. Rg8+ Kh3 71. Rh8+ Kg4 0-1

[Event "NOR-chT 1617"]
[Site "Norway"]
[Date "2016.10.29"]
[Round "2.2"]
[White "Nordquelle, Daniel"]
[Black "Guttulsrud, Odd Martin"]
[Result "1/2-1/2"]
[WhiteElo "2001"]
[BlackElo "2277"]
[PlyCount "67"]
[EventDate "2016.10.28"]
[EventType "team-tourn"]
[EventRounds "9"]
[EventCountry "NOR"]
[SourceTitle "EXT 2018"]
[Source "ChessBase"]
[SourceDate "2017.10.13"]
[SourceVersion "1"]
[SourceVersionDate "2017.10.13"]
[SourceQuality "1"]
[WhiteTeam "Nordstrand"]
[BlackTeam "Oslo SK 1911"]
[WhiteTeamCountry "NOR"]
[BlackTeamCountry "NOR"]

1. e4 c5 2. c3 Nf6 3. e5 Nd5 4. d4 cxd4 5. Nf3 e6 6. cxd4 d6 7. Bc4 Be7 8. 0-0 0-0 9. Bd2 Nc6 10. Nc3 Nxc3 11. Bxc3 Rb8 12. Qe2 a6 13. a4 d5 14. Bd3 Nb4 15. Bb1 Bd7 16. h4 a5 17. Bxb4 axb4 18. h5 Ra8 19. Bc2 Qb6 20. Qd3 g6 21. g3 Rfc8 22. hxg6 hxg6 23. Rfc1 Kg7 24. Nd2 Rh8 25. Kg2 Bg5 26. f4 Be7 27. Bb3 Rh6 28. Rh1 Rxh1 29. Kxh1 Qc7 30. Qc2 Qb6 31. Qd3 Qc7 32. Qc2 Qb6 33. Qd3 Qc7 34. Qc2 1/2-1/2

[Event "NOR-chT 1516"]
[Site "Norway"]
[Date "2015.10.31"]
[Round "2.2"]
[White "Merkesvik, Sondre"]
[Black "Guttulsrud, Odd Martin"]
[Result "0-1"]
[WhiteElo "2218"]
[BlackElo "2256"]
[PlyCount "86"]
[EventDate "2015.10.30"]
[EventType "team-tourn"]
[EventRounds "9"]
[EventCountry "NOR"]
[SourceTitle "CBM 169 Extra"]
[Source "ChessBase"]
[SourceDate "2015.12.18"]
[SourceVersion "1"]
[SourceVersionDate "2015.12.18"]
[SourceQuality "1"]
[WhiteTeam "Bergens"]
[BlackTeam "Oslo SK 1911"]
[WhiteTeamCountry "NOR"]
[BlackTeamCountry "NOR"]

1. d4 Nf6 2. Nf3 g6 3. g3 Bg7 4. Bg2 d6 5. 0-0 0-0 6. b4 e5 7. Bb2 e4 8. Nfd2 e3 9. fxe3 Bh6 10. d5 Bxe3+ 11. Kh1 Ng4 12. Qe1 Nd7 13. Nf3 Bb6 14. Qc3 Nde5 15. Nxe5 dxe5 16. Nd2 Bd4 17. Qb3 Bxb2 18. Qxb2 Ne3 19. Qxe5 Nxf1 20. Rxf1 f6 21. Qd4 Qe7 22. e4 Bd7 23. Nb3 b6 24. Qc4 Qd6 25. Nd4 a5 26. b5 Qc5 27. Qd3 Rae8 28. c4 Qb4 29. Rb1 Qd6 30. Rf1 Re7 31. h4 Qe5 32. Kh2 f5 33. Rf4 fxe4 34. Rxe4 Qd6 35. a4 Bf5 36. Nxf5 Rxf5 37. Bh3 Rf2+ 38. Kg1 Rxe4 39. Kxf2 Qc5+ 40. Kf3 Rxc4 41. Be6+ Kg7 42. Qd2 Qd4 43. Qg5 Qf6+ 0-1

[Event "Basel op"]
[Site "Basel"]
[Date "2015.01.04"]
[Round "5"]
[White "Guttulsrud, Odd Martin"]
[Black "Van Foreest, Lucas"]
[Result "1-0"]
[WhiteElo "2180"]
[BlackElo "2321"]
[PlyCount "113"]
[EventDate "2015.01.01"]
[EventType "swiss"]
[EventRounds "7"]
[EventCountry "SUI"]
[SourceTitle "CBM 164 Extra"]
[Source "ChessBase"]
[SourceDate "2015.03.02"]
[SourceVersion "1"]
[SourceVersionDate "2015.03.02"]
[SourceQuality "1"]

1. e4 e5 2. Nf3 Nc6 3. Bb5 Nf6 4. 0-0 Nxe4 5. d4 Nd6 6. Bxc6 dxc6 7. dxe5 Nf5 8. Qxd8+ Kxd8 9. Nc3 Bd7 10. Rd1 Kc8 11. h3 h6 12. g4 Ne7 13. Kg2 g5 14. Ne4 Ng6 15. b3 Be6 16. Kg3 Bd5 17. Re1 Be7 18. c4 Be6 19. Nexg5 hxg5 20. Bxg5 Bb4 21. Re2 b5 22. Bf6 Rxh3+ 23. Kxh3 Nf4+ 24. Kh4 Nxe2 25. Ng5 bxc4 26. Nxe6 cxb3 27. axb3 fxe6 28. g5 Nd4 29. Kh5 Bf8 30. Rd1 c5 31. Kg6 Kb7 32. Kf7 Kc6 33. g6 Kd5 34. Rh1 Nf5 35. Rd1+ Nd4 36. Rh1 Nf5 37. Rd1+ Kc6 38. Kxe6 Nh6 39. Rd8 Rxd8 40. Bxd8 c4 41. bxc4 a5 42. Bg5 a4 43. Bc1 a3 44. f4 a2 45. Bb2 Kc5 46. f5 Kxc4 47. f6 Bc5 48. f7 Bf8 49. Kf6 Ng4+ 50. Kg5 Kb3 51. Ba1 Nf2 52. e6 Ne4+ 53. Kf4 Nc3 54. Kf5 Nd5 55. g7 Bxg7 56. Bxg7 Nc3 57. Bxc3 1-0

[Event "Basel op"]
[Site "Basel"]
[Date "2015.01.01"]
[Round "1"]
[White "Guttulsrud, Odd Martin"]
[Black "Iturrizaga Bonelli, Eduardo"]
[Result "1/2-1/2"]
[WhiteElo "2180"]
[BlackElo "2649"]
[PlyCount "158"]
[EventDate "2015.01.01"]
[EventType "swiss"]
[EventRounds "7"]
[EventCountry "SUI"]
[SourceTitle "CBM 164 Extra"]
[Source "ChessBase"]
[SourceDate "2015.03.02"]
[SourceVersion "1"]
[SourceVersionDate "2015.03.02"]
[SourceQuality "1"]

1. e4 c5 2. Nf3 g6 3. d4 cxd4 4. Nxd4 Nc6 5. c4 Nf6 6. Nc3 d6 7. Be2 Nxd4 8. Qxd4 Bg7 9. Be3 0-0 10. Qd2 a5 11. 0-0 a4 12. Rac1 Be6 13. f3 Nd7 14. Nb5 Nc5 15. Nd4 Bd7 16. Rfd1 Qb6 17. Bf1 Rfc8 18. Rc2 h5 19. Qf2 Qd8 20. Qd2 Kh7 21. Bf2 Qh8 22. Qb4 Ra6 23. Rcd2 Bh6 24. Rc2 Qd8 25. Nb5 Ra5 26. Rc3 Bg7 27. Ra3 Ra6 28. Bh4 Rac6 29. Be2 Qb6 30. Bf2 Qd8 31. Bh4 Qh8 32. Rb1 Rb6 33. Kh1 Bf6 34. Bf2 Ra6 35. Qd2 Ne6 36. Nc3 Bd4 37. Bxd4 Qxd4 38. Qc2 Nf4 39. Bf1 h4 40. Rd1 Qf6 41. Qd2 Be6 42. Rxa4 Rxa4 43. Nxa4 Bxc4 44. Nb6 Bxf1 45. Rxf1 Rc6 46. Nd5 Nxd5 47. exd5 Rc4 48. h3 Rd4 49. Qc3 Qf4 50. Qb3 Qe5 51. Qxb7 Rxd5 52. a4 Rd2 53. b4 d5 54. a5 Ra2 55. Rg1 Qd6 56. Rd1 d4 57. Qe4 e5 58. f4 Qxb4 59. fxe5 Qe7 60. Qd5 Re2 61. Rf1 Kg8 62. Qxd4 Rxe5 63. a6 Ra5 64. Rc1 Kh7 65. Ra1 Rxa1+ 66. Qxa1 Qa7 67. Qf6 Kg8 68. Qd6 Kh7 69. Kh2 Kg7 70. Qe5+ Kg8 71. Qd6 Kg7 72. Kh1 Kh7 73. Qf6 Kg8 74. Qd8+ Kg7 75. Qa5 Kg8 76. Qa1 Kh7 77. Qa2 Kg8 78. Qa4 Kg7 79. Qa1+ Kh7 1/2-1/2

[Event "Fagernes Norsk op-A"]
[Site "Fagernes"]
[Date "2014.04.15"]
[Round "4"]
[White "Guttulsrud, Odd Martin"]
[Black "Merkesvik, Sondre"]
[Result "1-0"]
[WhiteElo "2206"]
[BlackElo "2042"]
[PlyCount "119"]
[EventDate "2014.04.13"]
[EventType "swiss"]
[EventRounds "9"]
[EventCountry "NOR"]
[SourceTitle "CBM 159 Extra"]
[Source "ChessBase"]
[SourceDate "2014.04.24"]
[SourceVersion "1"]
[SourceVersionDate "2014.04.24"]
[SourceQuality "1"]

1. e4 Nf6 2. e5 Nd5 3. c4 Nb6 4. d4 d6 5. exd6 exd6 6. Nc3 Nc6 7. h3 Bf5 8. Be3 Be7 9. Nf3 Bf6 10. b3 0-0 11. Be2 a5 12. Rc1 h6 13. 0-0 d5 14. c5 Nc8 15. Bf4 N8e7 16. Ne5 b6 17. Bf3 Be6 18. cxb6 cxb6 19. Nxc6 Nxc6 20. Nb5 Qd7 21. Nc7 Ra7 22. Nxe6 Qxe6 23. Re1 Qd7 24. Bg4 Qb7 25. Be3 Raa8 26. Bf5 Rad8 27. Bb1 Rfe8 28. Qc2 Re6 29. Qh7+ Kf8 30. Bf5 Rde8 31. Bxe6 Rxe6 32. Bf4 Qd7 33. Rxe6 fxe6 34. Qh8+ Kf7 35. Qa8 Ne7 36. a4 Bxd4 37. Rc7 Qe8 38. Qb7 Bc5 39. Be3 d4 40. Qf3+ Kg8 41. Bf4 Nd5 42. Rb7 Qg6 43. Be5 Nf6 44. Rb8+ Kh7 45. Rd8 Ne4 46. Rd7 Ng5 47. Qg3 Bf8 48. Bxd4 Qf5 49. Bxb6 e5 50. Qd3 e4 51. Qd5 Qg6 52. Be3 Nf3+ 53. Kh1 Nh4 54. g3 Nf5 55. Qf7 Nxg3+ 56. fxg3 Qxg3 57. Qf5+ Kh8 58. Rd8 Qe1+ 59. Bg1 Qb4 60. Rxf8+ 1-0

[Event "Fagernes Norsk op-A"]
[Site "Fagernes"]
[Date "2014.04.14"]
[Round "2"]
[White "Guttulsrud, Odd Martin"]
[Black "Salomon, Johan"]
[Result "0-1"]
[WhiteElo "2206"]
[BlackElo "2343"]
[PlyCount "96"]
[EventDate "2014.04.13"]
[EventType "swiss"]
[EventRounds "9"]
[EventCountry "NOR"]
[SourceTitle "CBM 159 Extra"]
[Source "ChessBase"]
[SourceDate "2014.04.24"]
[SourceVersion "1"]
[SourceVersionDate "2014.04.24"]
[SourceQuality "1"]

1. e4 e5 2. Nf3 Nc6 3. Bb5 Nf6 4. d3 d6 5. c3 Bd7 6. Ba4 g6 7. 0-0 Bg7 8. Nbd2 0-0 9. Re1 Nh5 10. Nf1 Kh8 11. Ne3 Nf4 12. Bc2 f5 13. d4 fxe4 14. Bxe4 exd4 15. cxd4 Qf6 16. d5 Ne5 17. Nxe5 Qxe5 18. Nc4 Qg5 19. Bf3 Nh3+ 20. Kf1 Qh4 21. gxh3 Qxc4+ 22. Kg1 Qh4 23. Re4 Qxh3 24. Bg2 Qf5 25. Be3 c5 26. dxc6 Bxc6 27. Rf4 Qe5 28. Rxf8+ Rxf8 29. Bxc6 bxc6 30. Qa4 Qxb2 31. Rd1 Be5 32. Qxa7 Qe2 33. Qa4 Qh5 34. Bd4 Qxh2+ 35. Kf1 Qh1+ 36. Ke2 Qe4+ 37. Kf1 Bxd4 38. Qxd4+ Qxd4 39. Rxd4 d5 40. a4 Rf3 41. Ke2 Ra3 42. f4 Kg7 43. Kd2 Kf6 44. Kc2 c5 45. Rxd5 Rxa4 46. f5 g5 47. Rxc5 Rd4 48. Kc3 Rd7 0-1

[Event "NOR-chT 1314"]
[Site "Norway"]
[Date "2013.11.02"]
[Round "2.1"]
[White "Gullaksen, Eirik Tvedt"]
[Black "Guttulsrud, Odd Martin"]
[Result "1-0"]
[WhiteElo "2371"]
[BlackElo "2197"]
[PlyCount "119"]
[EventDate "2013.11.01"]
[EventType "team-tourn"]
[EventRounds "9"]
[EventCountry "NOR"]
[SourceTitle "EXT 2014"]
[Source "ChessBase"]
[SourceDate "2013.11.20"]
[SourceVersion "1"]
[SourceVersionDate "2013.11.20"]
[SourceQuality "1"]
[WhiteTeam "Bergens"]
[BlackTeam "Oslo SK 1911"]
[WhiteTeamCountry "NOR"]
[BlackTeamCountry "NOR"]

1. d4 Nf6 2. c4 c5 3. d5 e6 4. Nc3 exd5 5. cxd5 d6 6. Nf3 g6 7. Bf4 a6 8. a4 Nh5 9. Bg5 Qb6 10. Qc1 Bg7 11. Nd2 Nd7 12. Nc4 Qc7 13. Ne4 0-0 14. Be7 Re8 15. Bxd6 Qd8 16. Nxc5 Nb6 17. Bg3 Nxc4 18. Qxc4 Bxb2 19. Rb1 Qa5+ 20. Kd1 Nxg3 21. hxg3 Bg7 22. e4 f5 23. d6+ Kh8 24. Qf7 Be6 25. Qxg6 Bg8 26. Rxb7 Qc3 27. Bd3 Reb8 28. Qxg7+ Qxg7 29. Rxg7 Kxg7 30. e5 Rb2 31. Bc2 Rxc2 32. Kxc2 Rc8 33. f4 Rxc5+ 34. Kd3 Be6 35. Rb1 Rd5+ 36. Ke3 Ra5 37. Rb7+ Kg6 38. Re7 Bc8 39. d7 Bxd7 40. Rxd7 Rxa4 41. Rd4 Ra1 42. Rd6+ Kh5 43. Rf6 Kg4 44. Kd4 Rd1+ 45. Kc5 a5 46. e6 a4 47. e7 Re1 48. Kd6 a3 49. Re6 Rd1+ 50. Kc7 Rc1+ 51. Kd7 Rd1+ 52. Rd6 Re1 53. e8Q Rxe8 54. Kxe8 Kxg3 55. Rd3+ Kxg2 56. Rxa3 h5 57. Kf7 h4 58. Kg6 h3 59. Kxf5 h2 60. Ra2+ 1-0

[Event "Barcelona Sant Marti op-A 15th"]
[Site "Barcelona"]
[Date "2013.07.20"]
[Round "8"]
[White "Guttulsrud, Odd Martin"]
[Black "Grebstad, Kjell Borre"]
[Result "1-0"]
[WhiteElo "2212"]
[BlackElo "2005"]
[PlyCount "37"]
[EventDate "2013.07.13"]
[EventType "swiss"]
[EventRounds "9"]
[EventCountry "ESP"]
[SourceTitle "CBM 155 Extra"]
[Source "ChessBase"]
[SourceDate "2013.08.26"]
[SourceVersion "1"]
[SourceVersionDate "2013.08.26"]
[SourceQuality "1"]

1. e4 d5 2. exd5 Qxd5 3. Nc3 Qa5 4. d4 Nf6 5. Bc4 c6 6. Nf3 Bf5 7. Bd2 e6 8. Qe2 Bb4 9. 0-0-0 Nbd7 10. a3 Bxc3 11. Bxc3 Qc7 12. Ne5 b5 13. Bb3 Be4 14. Nxd7 Qxd7 15. d5 Bxd5 16. Bxd5 cxd5 17. Rd3 0-0 18. Bxf6 gxf6 19. Qh5 1-0

[Event "Barcelona Sant Marti op-A 15th"]
[Site "Barcelona"]
[Date "2013.07.18"]
[Round "6"]
[White "Guttulsrud, Odd Martin"]
[Black "Frank Nielsen, Marie"]
[Result "1/2-1/2"]
[WhiteElo "2212"]
[BlackElo "2016"]
[PlyCount "184"]
[EventDate "2013.07.13"]
[EventType "swiss"]
[EventRounds "9"]
[EventCountry "ESP"]
[SourceTitle "CBM 155 Extra"]
[Source "ChessBase"]
[SourceDate "2013.08.26"]
[SourceVersion "1"]
[SourceVersionDate "2013.08.26"]
[SourceQuality "1"]

1. e4 c5 2. Nf3 e6 3. d4 cxd4 4. Nxd4 a6 5. Bd3 Qc7 6. Nc3 Nc6 7. Nxc6 bxc6 8. 0-0 Nf6 9. Qe2 d5 10. b3 Be7 11. Bb2 e5 12. Rae1 d4 13. Na4 0-0 14. f4 Bb4 15. Rc1 c5 16. c3 dxc3 17. Bxc3 Bxc3 18. Rxc3 Bg4 19. Qe3 exf4 20. Rxf4 Rfe8 21. Rxc5 Qe7 22. Nc3 Be6 23. Qd4 Rad8 24. Nd5 Bxd5 25. exd5 Qe1+ 26. Rf1 Qe7 27. Bxa6 Qa7 28. Bd3 Nxd5 29. Qf2 Ne3 30. Rc3 Qd4 31. Rfc1 Qg4 32. Be2 Qg5 33. Bf3 Nf5 34. Re1 Rf8 35. Rc5 Qf4 36. g3 Qg5 37. g4 g6 38. Kf1 Rd2 39. Re2 Rxe2 40. Kxe2 Re8+ 41. Kd3 Re3+ 42. Kc2 Nd4+ 43. Kb1 Rxf3 44. Rc8+ Kg7 45. Qxd4+ Kh6 46. Rc4 Rf1+ 47. Kb2 Re1 48. Rc2 Rf1 49. h3 Rf4 50. Qc5 Qf6+ 51. Qc3 Qg5 52. Re2 f5 53. gxf5 Qxf5 54. a4 Rf3 55. Re3 Rf2+ 56. Ka3 Qf8+ 57. b4 Qf7 58. Qb3 Qf6 59. Rc3 Rf1 60. Qb2 Rf2 61. Qc1+ Kh5 62. Qd1+ Kh6 63. Qc1+ Kh5 64. a5 Qf7 65. Qd1+ Kh6 66. Qc1+ Kg7 67. Rb3 Rf1 68. Qc3+ Kh6 69. Qe3+ Kg7 70. Qe5+ Kh6 71. Qe3+ Kg7 72. Qd4+ Kh6 73. a6 g5 74. Rd3 Rf2 75. Qd5 Qg6 76. b5 Rf5 77. Qd6 Rf6 78. Qd5 Rf5 79. Qc4 Rf4 80. Qc6 Rf6 81. Qd7 Kh5 82. a7 Rf7 83. Qg4+ Kh6 84. Qd4 Rxa7+ 85. Kb4 Rf7 86. Qc4 Rf4 87. Rd4 Qb1+ 88. Kc5 Qf5+ 89. Qd5 Qc2+ 90. Qc4 Qf5+ 91. Qd5 Qc2+ 92. Qc4 Qf5+ 1/2-1/2

[Event "EU-ch U18"]
[Site "Prague"]
[Date "2012.08.23"]
[Round "7"]
[White "Guttulsrud, Odd Martin"]
[Black "Gaehwiler, Gabriel"]
[Result "0-1"]
[WhiteElo "2172"]
[BlackElo "2267"]
[PlyCount "88"]
[EventDate "2012.08.17"]
[EventType "swiss"]
[EventRounds "9"]
[EventCountry "CZE"]
[SourceTitle "CBM 150 Extra"]
[Source "ChessBase"]
[SourceDate "2012.10.19"]
[SourceVersion "1"]
[SourceVersionDate "2012.10.19"]
[SourceQuality "1"]

1. e4 c5 2. Nf3 d6 3. d4 cxd4 4. Nxd4 Nf6 5. Nc3 a6 6. Be3 e5 7. Nb3 Be6 8. h3 Nbd7 9. g4 Rc8 10. Qd2 b5 11. 0-0-0 Nb6 12. Bxb6 Qxb6 13. Bg2 Be7 14. Nd5 Bxd5 15. exd5 Rc4 16. Kb1 0-0 17. Rhf1 Rfc8 18. Rc1 Bd8 19. f4 Nd7 20. fxe5 Nxe5 21. Qf2 Qb7 22. Qd2 h6 23. Na5 Bxa5 24. Qxa5 b4 25. Rfe1 R4c5 26. Qa4 a5 27. Be4 g6 28. Qb3 Qe7 29. Qg3 Qf6 30. Rf1 Qg7 31. b3 Rc3 32. Qf2 Rxh3 33. Qb6 a4 34. Qxb4 a3 35. c3 Re3 36. Qd4 Nxg4 37. Rf4 f5 38. Qxg7+ Kxg7 39. Bg2 Re2 40. Bh3 Rb2+ 41. Ka1 Ne3 42. Ra4 Nc2+ 43. Rxc2 Rxc2 44. Rxa3 Re8 0-1

[Event "EU-ch U18"]
[Site "Prague"]
[Date "2012.08.22"]
[Round "6"]
[White "Guttulsrud, Odd Martin"]
[Black "Handler, Lukas"]
[Result "0-1"]
[WhiteElo "2172"]
[BlackElo "2368"]
[PlyCount "102"]
[EventDate "2012.08.17"]
[EventType "swiss"]
[EventRounds "9"]
[EventCountry "CZE"]
[SourceTitle "CBM 150 Extra"]
[Source "ChessBase"]
[SourceDate "2012.10.19"]
[SourceVersion "1"]
[SourceVersionDate "2012.10.19"]
[SourceQuality "1"]

1. e4 e5 2. Nf3 Nc6 3. Bb5 a6 4. Ba4 Nf6 5. 0-0 Be7 6. Re1 b5 7. Bb3 d6 8. c3 0-0 9. h3 Na5 10. Bc2 c5 11. d3 Nc6 12. Nbd2 Nd7 13. Nf1 Nb6 14. d4 cxd4 15. cxd4 Bf6 16. d5 Nd4 17. Nxd4 exd4 18. Ng3 Nd7 19. Nh5 Be5 20. f4 d3 21. fxe5 dxc2 22. Qg4 g6 23. exd6 f5 24. exf5 Nf6 25. Nxf6+ Qxf6 26. Bh6 Bxf5 27. Qe2 Rfc8 28. g4 Qh4 29. Qe3 Bxg4 30. hxg4 Qxg4+ 31. Kh2 Qh4+ 32. Kg2 Qg4+ 33. Qg3 Qd4 34. Re7 Rf8 35. Rae1 Qxd5+ 36. Kg1 Qd4+ 37. Kh2 Rac8 38. Bxf8 c1Q 39. Rxc1 Rxc1 40. Bh6 Qxb2+ 41. Kh3 Rh1+ 42. Kg4 Qd4+ 43. Bf4 Qd1+ 44. Qf3 h5+ 45. Kg3 h4+ 46. Kg4 Rg1+ 47. Kxh4 Qxf3 48. Re8+ Kf7 49. Re7+ Kf8 50. Bh6+ Kg8 51. Re8+ Kh7 0-1

[Event "NOR-chT 1112"]
[Site "Norway"]
[Date "2012.03.25"]
[Round "9"]
[White "Solberg, Joachim Krokvik"]
[Black "Guttulsrud, Odd Martin"]
[Result "1/2-1/2"]
[WhiteElo "2241"]
[BlackElo "2177"]
[PlyCount "77"]
[EventDate "2011.11.04"]
[EventType "team-tourn"]
[EventRounds "9"]
[EventCountry "NOR"]
[SourceTitle "EXT 2013"]
[Source "ChessBase"]
[SourceDate "2012.11.22"]
[SourceVersion "1"]
[SourceVersionDate "2012.11.22"]
[SourceQuality "1"]
[WhiteTeam "Moss"]
[BlackTeam "Oslo SK 1911"]
[WhiteTeamCountry "NOR"]
[BlackTeamCountry "NOR"]

1. e4 c5 2. Nf3 d6 3. d4 cxd4 4. Nxd4 Nf6 5. Nc3 a6 6. f4 e5 7. Nf3 Nbd7 8. a4 Be7 9. Bd3 0-0 10. 0-0 Re8 11. Kh1 b6 12. fxe5 dxe5 13. Qe1 Bb7 14. Bg5 Nh5 15. Qh4 Nf4 16. Bc4 h6 17. Bxe7 Rxe7 18. Qg3 Qc7 19. Ba2 Nf6 20. Rae1 Kh7 21. Nh4 Rd7 22. Nf5 Rg8 23. Qh4 Rd2 24. Rf2 Rxf2 25. Qxf2 g6 26. Qh4 gxf5 27. Qxf6 fxe4 28. Qf5+ Kh8 29. Qf6+ Rg7 30. Qxh6+ Kg8 31. Re3 Rg6 32. Rg3 Qd6 33. Bxf7+ Kxf7 34. Qh7+ Kf8 35. Qxb7 Qd2 36. Qb8+ Kf7 37. Qb7+ Kf8 38. Qb8+ Kf7 39. Qb7+ 1/2-1/2

[Event "Wch U18"]
[Site "Caldas Novas"]
[Date "2011.11.20"]
[Round "3"]
[White "Maglieri, Nahuel"]
[Black "Guttulsrud, Odd Martin"]
[Result "0-1"]
[WhiteElo "1909"]
[BlackElo "2177"]
[PlyCount "58"]
[EventDate "2011.11.18"]
[EventType "swiss"]
[EventRounds "9"]
[EventCountry "BRA"]
[SourceTitle "EXT 2013"]
[Source "ChessBase"]
[SourceDate "2012.11.22"]
[SourceVersion "1"]
[SourceVersionDate "2012.11.22"]
[SourceQuality "1"]

1. e4 c5 2. Nf3 d6 3. d4 cxd4 4. Nxd4 Nf6 5. Nc3 a6 6. Be2 e5 7. Nb3 Be7 8. 0-0 0-0 9. f4 Nbd7 10. a4 b6 11. f5 Bb7 12. Bf3 Re8 13. g4 h6 14. Be3 b5 15. axb5 axb5 16. Rxa8 Bxa8 17. Qd3 b4 18. Nb5 d5 19. exd5 e4 20. Bxe4 Nxe4 21. Qxe4 Bc5 22. Nxc5 Rxe4 23. Nxe4 Qe7 24. Nbd6 Bxd5 25. Rf4 Nf6 26. Nxf6+ gxf6 27. Bc5 Qe1+ 28. Rf1 Qe2 29. Bf2 Qf3 0-1

[Event "NOR-chT 1112"]
[Site "Norway"]
[Date "2011.11.06"]
[Round "3"]
[White "Guttulsrud, Odd Martin"]
[Black "Notkevich, Benjamin Arvola"]
[Result "0-1"]
[WhiteElo "2177"]
[BlackElo "2232"]
[PlyCount "54"]
[EventDate "2011.11.04"]
[EventType "team-tourn"]
[EventRounds "9"]
[EventCountry "NOR"]
[SourceTitle "EXT 2013"]
[Source "ChessBase"]
[SourceDate "2012.11.22"]
[SourceVersion "1"]
[SourceVersionDate "2012.11.22"]
[SourceQuality "1"]
[WhiteTeam "Oslo SK 1911"]
[BlackTeam "Tromsoe"]
[WhiteTeamCountry "NOR"]
[BlackTeamCountry "NOR"]

1. e4 c5 2. Nf3 d6 3. d4 Nf6 4. Nc3 cxd4 5. Nxd4 g6 6. Be3 Bg7 7. f3 Nc6 8. Qd2 0-0 9. 0-0-0 d5 10. Kb1 Nxd4 11. e5 Nf5 12. exf6 exf6 13. Bc5 d4 14. Nb5 Re8 15. g4 b6 16. Ba3 Ne3 17. Re1 f5 18. Nd6 Re6 19. gxf5 Rxd6 20. Bxd6 Nxf1 21. Rhxf1 Qxd6 22. Re8+ Bf8 23. Qh6 Bb7 24. Rfe1 d3 25. f6 Rxe8 26. Rxe8 dxc2+ 27. Kxc2 Qc6+ 0-1

[Event "NOR-chT 1112"]
[Site "Norway"]
[Date "2011.11.05"]
[Round "2"]
[White "Moen, Andreas"]
[Black "Guttulsrud, Odd Martin"]
[Result "1-0"]
[WhiteElo "2360"]
[BlackElo "2177"]
[PlyCount "73"]
[EventDate "2011.11.04"]
[EventType "team-tourn"]
[EventRounds "9"]
[EventCountry "NOR"]
[SourceTitle "EXT 2013"]
[Source "ChessBase"]
[SourceDate "2012.11.22"]
[SourceVersion "1"]
[SourceVersionDate "2012.11.22"]
[SourceQuality "1"]
[WhiteTeam "Oslo SS"]
[BlackTeam "Oslo SK 1911"]
[WhiteTeamCountry "NOR"]
[BlackTeamCountry "NOR"]

1. e4 c5 2. Nf3 d6 3. d4 cxd4 4. Nxd4 Nf6 5. Nc3 a6 6. f3 e5 7. Nb3 Be7 8. Be3 Be6 9. Qd2 h5 10. Nd5 Nxd5 11. exd5 Bf5 12. Be2 Nd7 13. 0-0 Nf6 14. Na5 Qc7 15. c4 h4 16. b4 Nh5 17. Rac1 Nf4 18. Bxf4 exf4 19. Qxf4 Qb6+ 20. c5 dxc5 21. d6 cxb4+ 22. Kh1 Qxa5 23. dxe7 Be6 24. Rfd1 Rh5 25. Qd6 Rd5 26. Rxd5 Qxd5 27. Qxb4 Rc8 28. Rd1 Qxa2 29. Qxh4 Qa5 30. h3 f6 31. Qe4 Rc6 32. Qg6+ Kxe7 33. Qxg7+ Bf7 34. f4 Qc7 35. Bh5 Ke8 36. Qg8+ Ke7 37. Qxf7# 1-0

[Event "Oslo op"]
[Site "Oslo"]
[Date "2011.10.09"]
[Round "9"]
[White "Guttulsrud, Odd Martin"]
[Black "Andersen, Alf Roger"]
[Result "1-0"]
[WhiteElo "2190"]
[BlackElo "2206"]
[PlyCount "61"]
[EventDate "2011.10.02"]
[EventType "swiss"]
[EventRounds "9"]
[EventCountry "NOR"]
[SourceTitle "CBM 144 Extra"]
[Source "ChessBase"]
[SourceDate "2011.10.28"]
[SourceVersion "1"]
[SourceVersionDate "2011.10.28"]
[SourceQuality "1"]

1. e4 d6 2. d4 Nf6 3. Nc3 g6 4. Be3 c6 5. Qd2 b5 6. Bd3 a6 7. Nf3 Bb7 8. e5 dxe5 9. dxe5 Nd5 10. Ne4 Bg7 11. Bh6 Bxh6 12. Qxh6 Qa5+ 13. Kf1 Nd7 14. Neg5 Nc5 15. Qg7 Rf8 16. e6 Nxe6 17. Nxe6 fxe6 18. Qxh7 0-0-0 19. Bxg6 Qb4 20. b3 c5 21. Re1 Kb8 22. Qh5 Rf6 23. Qe5+ Ka7 24. Be4 Rdf8 25. h4 Nf4 26. Bxb7 Kxb7 27. Rd1 Nd5 28. Rh3 Rg6 29. Rxd5 Ka8 30. Rd7 Qa3 31. Qe4+ 1-0